Principles of property law/ (Record no. 120370)
[ view plain ]
| 000 -LEADER | |
|---|---|
| fixed length control field | 00419cas a2200145 4500 |
| 008 - FIXED-LENGTH DATA ELEMENTS--GENERAL INFORMATION | |
| fixed length control field | 131121n eng u |
| 035 ## - SYSTEM CONTROL NUMBER | |
| System control number | (Sirsi) a181725 |
| 050 ## - LIBRARY OF CONGRESS CALL NUMBER | |
| Classification number | KU 640 JAC 1967 |
| 100 1# - MAIN ENTRY--PERSONAL NAME | |
| Personal name | Jackson, David C. |
| 245 ## - TITLE STATEMENT | |
| Title | Principles of property law/ |
| Statement of responsibility, etc. | by David C. Jackson |
| 260 ## - PUBLICATION, DISTRIBUTION, ETC. | |
| Place of publication, distribution, etc. | Sydney : |
| Name of publisher, distributor, etc. | Law Books Co., |
| Date of publication, distribution, etc. | 1967 |
| 300 ## - PHYSICAL DESCRIPTION | |
| Extent | xxxvi, 418p. |
| 504 ## - BIBLIOGRAPHY, ETC. NOTE | |
| Bibliography, etc. note | Includes index |
| 650 ## - SUBJECT ADDED ENTRY--TOPICAL TERM | |
| Topical term or geographic name entry element | Property -- Australia |
No items available.